000 02129cam a22005294i 4500
003 PE-LiUPU
005 20250731165449.0
008 170531s2017 sp r 000 0 spa d
020 _a8491166815
020 _a9788491166818
035 _a(Sirsi) a204187
040 _aPE-LiUPU
_bspa
_cPE-LiUPU
_erda
049 _aPRUA
082 0 4 _a070.4
_bP8
_220
245 0 0 _aProfesionales de la información y la comunicación :
_blo que hacemos y lo que haremos : selección de artículos publicados en COMeIn. Revista de los Estudios de Ciencias de la Información y de la Comunicación (2011-2016) /
_cFerran Lalueza [coord].
250 _aPrimera edición.
264 1 _aBarcelona :
_bUOC,
_c2017.
300 _a283 páginas ;
_c24 centímetros.
336 _atext
_2rdacontent
337 _aunmediated
_2rdamedia
338 _avolume
_2rdacarrier
490 0 _aManuales (Cominucación)
_v478
505 0 _aCrear -- Informar -- Entretener -- Educar -- Reconfigurar el sector audiovisual -- Documentar -- Impulsar el activismo -- Gestionar los social media -- Gestionar las marcas -- Gestionar datos -- Conectar y emocionar -- Gestionar información.
526 _aSEG44
526 _aSEG26
526 _aP151
526 _aP150
526 _aP149
526 _aP146
526 _aP145
526 _aP126
526 _aP125
526 _aP92
526 _aP75
526 _aP74
526 _aP27
526 _aP15
541 _g001-00373;
650 0 4 _aPeriodismo.
_9384
700 1 _aLazuela, Ferran,
_ecoord.
910 _ajck
_bncf
_cncf
_d20170531
942 _2ddc
_cBOOK
949 _a070.4 P8
_wDEWEY
_c1
_i76105
_lCCODEBUL1
_mBUL
_p55.75
_r0
_sY
_tBOOK
_u2017-05-31
_xIEDUCACION
_PP07
_0COMPRA
_o.STAFF. Colección Ciencias Humanas y Educación
994 _aC0
_bPEPRU
596 _a1
999 _a070.4 P8
_wDEWEY
_c20560
_i76105
_d20560
_e2019-9-8
_f2021-11-8
_g4
_lCCODEBUL1
_mBUL
_n2
_p55.75
_r0
_sY
_tBOOK
_u2017-5-31
_xEDUCACION
_PP07
_0COMPRA
_o.STAFF. Colección Ciencias Humanas y Educación
980 _81
_gALBERTO SANCHEZ Responsable de Automatización